<?xml version="1.0" encoding="UTF-8"?><?xml-stylesheet type="text/xsl" href="static/style.xsl"?><OAI-PMH xmlns="http://www.openarchives.org/OAI/2.0/" xmlns:xsi="http://www.w3.org/2001/XMLSchema-instance" xsi:schemaLocation="http://www.openarchives.org/OAI/2.0/ http://www.openarchives.org/OAI/2.0/OAI-PMH.xsd"><responseDate>2026-04-14T07:00:57Z</responseDate><request verb="GetRecord" identifier="oai:www.recercat.cat:2072/260317" metadataPrefix="marc">https://recercat.cat/oai/request</request><GetRecord><record><header><identifier>oai:recercat.cat:2072/260317</identifier><datestamp>2025-03-11T16:33:20Z</datestamp><setSpec>com_2072_220028</setSpec><setSpec>com_2072_4427</setSpec><setSpec>col_2072_479371</setSpec></header><metadata><record xmlns="http://www.loc.gov/MARC21/slim" xmlns:dcterms="http://purl.org/dc/terms/" xmlns:xsi="http://www.w3.org/2001/XMLSchema-instance" xmlns:doc="http://www.lyncode.com/xoai" xsi:schemaLocation="http://www.loc.gov/MARC21/slim http://www.loc.gov/standards/marcxml/schema/MARC21slim.xsd">
   <leader>00925njm 22002777a 4500</leader>
   <datafield ind2=" " ind1=" " tag="042">
      <subfield code="a">dc</subfield>
   </datafield>
   <datafield ind2=" " ind1=" " tag="720">
      <subfield code="a">Brull Casadó, Carles</subfield>
      <subfield code="e">author</subfield>
   </datafield>
   <datafield ind2=" " ind1=" " tag="720">
      <subfield code="a">Navarro Just, Sergi, 1981-</subfield>
      <subfield code="e">author</subfield>
   </datafield>
   <datafield ind2=" " ind1=" " tag="720">
      <subfield code="a">Teixell Navarro, Immaculada</subfield>
      <subfield code="e">author</subfield>
   </datafield>
   <datafield ind2=" " ind1=" " tag="720">
      <subfield code="a">Vilà Llorach, Jordi</subfield>
      <subfield code="e">author</subfield>
   </datafield>
   <datafield ind2=" " ind1=" " tag="720">
      <subfield code="a">Vilalta Ribé, Enric</subfield>
      <subfield code="e">author</subfield>
   </datafield>
   <datafield ind2=" " ind1=" " tag="260">
      <subfield code="c">2015</subfield>
   </datafield>
   <datafield ind2=" " ind1=" " tag="520">
      <subfield code="a">The archaeological excavations carried out in Enrajolat Street in Tarragona, have been provided new architectonic data from the north sector of the roman circus grandstands, and its perimeter’s connection to the representational square of the Concilium Provinciae Hispaniae Citerioris. The preservation of the visorium surface and its constructive characteristics, the relationship with the extrados grandstand’s vaults, and the new evidences of the circus’ drainage systems can get us closer to knowledge of this public roman building.</subfield>
   </datafield>
   <datafield ind1="8" ind2=" " tag="024">
      <subfield code="a">Brull, C., Navarro, S., Teixell, I.; Vilà, J., Vilalta, E. (2015) "El circo romano de Tarraco: Nuevos datos arquitectónicos. La intervención arqueológica de la calle Enrajolat (Tarragona)" a Álvarez, J. M.; Nogales, T.; Rodà, I. (eds.), Actas XVIII Congreso Internacional de Arqueología Clásica. Centro y periferia en el mundo clásico (Mèrida, del 13 al 17 de maig de 2013), Museo Nacional de Arte Romano, Mèrida, p. 871-874.</subfield>
   </datafield>
   <datafield ind1="8" ind2=" " tag="024">
      <subfield code="a">http://hdl.handle.net/2072/260317</subfield>
   </datafield>
   <datafield ind2="0" ind1="0" tag="245">
      <subfield code="a">El circo romano de Tarraco: Nuevos datos arquitectónicos. La intervención arqueológica de la calle Enrajolat (Tarragona)</subfield>
   </datafield>
</record></metadata></record></GetRecord></OAI-PMH>